000 00351nam a2200133Ia 4500
008 100328s9999 xx 000 0 und d
082 _b59660
100 _aसावंत भालचंद्र
245 _aअभिमान.
260 _bसाईमा.
630 _aअभिमान.
730 _aअभिमान.
942 _cBOOK
999 _c545865
_d545862